<?xml version="1.0" encoding="UTF-8"?>
<record
    xmlns:xsi="http://www.w3.org/2001/XMLSchema-instance"
    xsi:schemaLocation="http://www.loc.gov/MARC21/slim http://www.loc.gov/standards/marcxml/schema/MARC21slim.xsd"
    xmlns="http://www.loc.gov/MARC21/slim">

  <leader>01444nam a2200277 a 4500</leader>
  <controlfield tag="001">BRL_1662</controlfield>
  <controlfield tag="005">20190320211319.0</controlfield>
  <controlfield tag="008">220414s19uu----mx-#######---#000-0#spa-#</controlfield>
  <datafield tag="041" ind1=" " ind2=" ">
    <subfield code="a">spa</subfield>
  </datafield>
  <datafield tag="044" ind1=" " ind2=" ">
    <subfield code="a">mx</subfield>
  </datafield>
  <datafield tag="050" ind1=" " ind2="4">
    <subfield code="a">F1219.3.R38</subfield>
    <subfield code="b">.073 1900</subfield>
  </datafield>
  <datafield tag="100" ind1="1" ind2=" ">
    <subfield code="a">Ordo&#xF1;ez y Aguiar, Ram&#xF3;n de</subfield>
    <subfield code="9">27565</subfield>
  </datafield>
  <datafield tag="245" ind1="1" ind2="0">
    <subfield code="a">Historia de la creaci&#xF3;n del cielo y de la tierra</subfield>
    <subfield code="b">conforme al sistema de la gentilidad americana, theolog&#xED;a de los culebras figurada en ingeniosos gerogliphicos, symbolos, emblemas y metaphoras, diluvio universal, dispersi&#xF3;n de las gentes, verdadero origen de los indios: su salida de Chaldea: su transmigraci&#xF3;n &#xE1; estas partes septentrionales: su transito por el Oceano, y derrota que siguieron, hasta llegar al seno mexicano. Principio de su imperio, fundaci&#xF3;n, y destrucci&#xF3;n ...Ciudad de Palenque ...Supersticioso culto, con que los antiguos Palencanos adoraron al verdadero Dios...</subfield>
    <subfield code="c">Por don Ram&#xF3;n de Orto&#xF1;ez y Aguiar.</subfield>
  </datafield>
  <datafield tag="260" ind1=" " ind2=" ">
    <subfield code="a">M&#xE9;xico, D.F.</subfield>
    <subfield code="b">[s. n.]</subfield>
    <subfield code="c">[1900]</subfield>
  </datafield>
  <datafield tag="300" ind1=" " ind2=" ">
    <subfield code="a">viii, 120 p.</subfield>
    <subfield code="c">24 cm.</subfield>
  </datafield>
  <datafield tag="500" ind1=" " ind2=" ">
    <subfield code="a">Au1895</subfield>
  </datafield>
  <datafield tag="500" ind1=" " ind2=" ">
    <subfield code="a">En cubierta: (Obra trunca)</subfield>
  </datafield>
  <datafield tag="650" ind1="1" ind2="4">
    <subfield code="a">Origen del ind&#xED;gena americano</subfield>
    <subfield code="9">25202</subfield>
  </datafield>
  <datafield tag="650" ind1="1" ind2="4">
    <subfield code="a">Ind&#xED;genas de Am&#xE9;rica Central</subfield>
    <subfield code="x">Religi&#xF3;n</subfield>
    <subfield code="9">27566</subfield>
  </datafield>
  <datafield tag="650" ind1="1" ind2="4">
    <subfield code="a">Mitolog&#xED;a ind&#xED;gena</subfield>
    <subfield code="z">Am&#xE9;rica Central</subfield>
    <subfield code="9">27567</subfield>
  </datafield>
  <datafield tag="650" ind1="1" ind2="4">
    <subfield code="a">Culto a las serpientes</subfield>
    <subfield code="9">27568</subfield>
  </datafield>
  <datafield tag="651" ind1=" " ind2="4">
    <subfield code="a">Palenque (M&#xE9;xico)</subfield>
    <subfield code="9">27569</subfield>
  </datafield>
  <datafield tag="651" ind1=" " ind2="4">
    <subfield code="a">Guatemala</subfield>
    <subfield code="x">Antig&#xFC;edades</subfield>
    <subfield code="9">27570</subfield>
  </datafield>
  <datafield tag="902" ind1=" " ind2=" ">
    <subfield code="a">GRL</subfield>
  </datafield>
  <datafield tag="942" ind1=" " ind2=" ">
    <subfield code="2">lcc</subfield>
    <subfield code="c">B</subfield>
  </datafield>
  <datafield tag="999" ind1=" " ind2=" ">
    <subfield code="c">10471</subfield>
    <subfield code="d">10471</subfield>
  </datafield>
  <datafield tag="952" ind1=" " ind2=" ">
    <subfield code="0">0</subfield>
    <subfield code="1">0</subfield>
    <subfield code="4">0</subfield>
    <subfield code="7">0</subfield>
    <subfield code="a">BRL</subfield>
    <subfield code="b">BRL</subfield>
    <subfield code="d">2014-04-22</subfield>
    <subfield code="i">Au1895</subfield>
    <subfield code="l">0</subfield>
    <subfield code="o">F1219.3.R38 .073 1900 (Au1895)</subfield>
    <subfield code="p">GRL01832</subfield>
    <subfield code="r">2019-03-22 00:00:00</subfield>
    <subfield code="w">2019-03-22</subfield>
    <subfield code="y">B</subfield>
  </datafield>
</record>
